Visualizzazione normale
Vista MARC
- Liggeri Paolo
di Personal Name
Records bibliografici associati: 22
001 - CONTROL NUMBER
- control field: 62992
003 - CONTROL NUMBER IDENTIFIER
- control field:
005 - DATE AND TIME OF LATEST TRANSACTION
- control field: 20251222111730.0
008 - FIXED-LENGTH DATA ELEMENTS
- fixed length control field: 251222|| aca||aabn | a|a d
040 ## - CATALOGING SOURCE
- Original cataloging agency:
- Transcribing agency:
100 ## - HEADING--PERSONAL NAME
- Personal name: Liggeri Paolo
670 ## - SOURCE DATA FOUND
- Source citation: Work cat.: ()223857: Liggeri Paolo, Ingerenze e interferenze nel nucleo familiare, 1993